Uefa cup/Europa League quarter-finalists - Statistics

General Stats
  • This quiz has been taken 8 times
  • The average score is 110 of 170
Answer Stats
Pais Equipos % Correct
Czech Republic AC Sparta Praha
100%
Netherlands Alkmaar Zaanstreek
100%
England Arsenal FC
100%
Italy AS Roma
100%
England Aston Villa FC
100%
Germany Bayer 04 Leverkusen FG
100%
Germany Bv Borussia 09 Dortmund
100%
England Chelsea FC
100%
Spain FC Barcelona
100%
Portugal FC Porto
100%
Germany Hamburger SV
100%
Italy Juventus FC
100%
England Liverpool FC
100%
England Manchester City FC
100%
England Manchester United FC
100%
England Newcastle United FC
100%
France Olympique de Marseille
100%
France Olympique Lyonnais
100%
France Paris Saint-Germain FC
100%
Spain Real Madrid CF
100%
Belgium RSC Anderlecht
100%
Portugal SC Braga
100%
Spain Sevilla FC
100%
Portugal SL Benfica
100%
Italy SSC Napoli
100%
Italy SS Lazio
100%
England Tottenham Hotspur FC
100%
Spain Valencia CF
100%
West Germany 1. FC Köln
86%
Italy ACF Fiorentina
86%
Italy AC Milan
86%
Netherlands AFC Ajax
86%
Monaco AS Monaco
86%
Italy Atalanta BC
86%
Spain Athletic Club Bilbao
86%
West Germany Borussia VfL Mönchengladbach
86%
Scotland Celtic FC
86%
Spain Club Atlético de Madrid
86%
Belgium Club Brugge KV
86%
Russia CSKA Moscow
86%
Switzerland FC Basel
86%
Germany FC Bayern München
86%
Ukraine FC Dynamo Kyiv
86%
Italy FC Internazionale
86%
Denmark F.C. København
86%
Austria FC Red Bull Salzburg
86%
Ukraine FC Shakhtar Donetsk
86%
Russia FC Spartak Moscow
86%
Romania FC Steaua București
86%
Turkey Fenerbahçe SK
86%
Hungary Ferencvárosi TC
86%
Netherlands Feyenoord Rotterdam
86%
Germany FG Schalke 04
86%
Yugoslavia FK Crvena Zvezda
86%
Turkey Galatasaray SK
86%
Croatia GNK Dinamo Zagreb
86%
Israel Hapoel Tel Aviv FC
86%
Italy Hellas Verona FC
86%
West Germany Hertha BSC
86%
Sweden IFK Göteborg
86%
Belgium KAA Gent
86%
England Middlesbrough FC
86%
Greece Panathinaikos FC
86%
Italy Parma Calcio 1913
86%
Netherlands PSV
86%
Scotland Rangers FC
86%
Germany RB Leipzig
86%
France RC Lens
86%
Spain Real Betis Balompié
86%
Belgium Royal Antwerp FC
86%
Czech Republic SK Slavia Praha
86%
Germany SV Werder Bremen
86%
Italy Torino FC
86%
Germany VfL Wolfsburg
86%
Spain Villarreal CF
86%
Greece AEK FC
71%
France AJ Auxerre
71%
Turkey Beşiktaş JK
71%
Portugal Boavista FC
71%
Italy Bologna FC 1909
71%
Italy Cagliari Calcio
71%
France FC Girondins de Bordeaux
71%
France FC Nantes
71%
Russia FC Zenit
71%
Norway FK Bodø/Glimt
71%
Italy Genoa CFC
71%
Switzerland Grasshoppers CZ
71%
Germany Hannover SV 96
71%
Belgium KRC Genk
71%
England Leeds United FC
71%
England Nottingham Forest FC
71%
Bulgaria PFC Levski Sofia
71%
Spain Real Sociedad de Fútbol
71%
East Germany SG Dynamo Dresden
71%
Portugal Sporting Clube de Portugal
71%
West Germany VfB Stuttgart
71%
England West Ham United
71%
England Wolverhampton Wanderers FC
71%
Germany 1. FC Kaiserslautern
57%
France AS Saint-Étienne
57%
Denmark Brøndby IF
57%
Scotland Dundee United FC
57%
Germany Eintracht Frankfurt
57%
Soviet Union FC Dinamo Minsk
57%
Czech Republic FC Slovan Liberec
57%
Austria FK Austria Wien
57%
England Fulham FC
57%
Spain Getafe CF
57%
Spain Granada CF
57%
Scotland Heart of Midlothian FC
57%
England Ipswich Town FC
57%
Spain Málaga CF
57%
Spain RC Celta Vigo
57%
Spain RCD Espanyol
57%
Belgium RU Saint-Gilloise
57%
Germany SC Freiburg
57%
Austria SK Sturm Graz
57%
Italy Udinese Calcio
57%
East Germany 1. FC Magdeburg
43%
Spain CA Osasuna
43%
Spain CD Tenerife
43%
Czechoslovakia Dukla Praha
43%
Ukraine FC Dnipro Dnipropetrovsk
43%
Ukraine FC Metalist Kharkiv
43%
Romania FC Rapid București
43%
France FC Sochaux-Montbéliard
43%
Netherlands FC Twente
43%
Czechoslovakia FC Zbrojovka Brno
43%
Yugoslavia HNK Hajduk Split
43%
Germany Karlsruher SC
43%
West Germany MSV Duisburg
43%
Denmark Odense BK
43%
England Queens Park Rangers FC
43%
Spain Rayo Vallecano de Madrid
43%
Spain RCD Mallorca
43%
France SC Bastia
43%
England West Bromwich Albion FC
43%
East Germany 1. FC Lokomotive Leipzig
29%
Czechoslovakia Bohemians Praha 1905
29%
Spain Deportivo Alavés
29%
Czechoslovakia FC Baník Ostrava
29%
East Germany FC Carl Zeiss Jena
29%
Russia FC Rubin Kazan
29%
Soviet Union FC Torpedo Moscow
29%
Belgium K Lierse SK 1906
29%
Belgium KSC Lokeren
29%
Poland KS Ruch Chorzów
29%
Belgium RFC Liège
29%
Belgium Royal Standard Liège
29%
Hungary Videoton FC Fehérvár
29%
Romania AS Victoria București
14%
Hungary Budapest Honvéd FC
14%
Netherlands FC Amsterdam
14%
Austria FC Swarovski Tirol
14%
Yugoslavia FK Radnički Niš
14%
Belgium KS Waregem
14%
Switzerland Neuchâtel Xamax FCS
14%
Yugoslavia OFK Beograd
14%
Belgium RWD Molenbeek
14%
Czechoslovakia SK Sigma Olomouc
14%
Romania Universitatea Craiova
14%
Portugal Vitória SC de Guimarães
14%
Denmark Boldklubben 1903
0%
Bulgaria FC Lokomotiv Sofia
0%
Romania FC UTA Arad
0%
Poland FKS Stal Mielec
0%
Yugoslavia FK Velež Mostar
0%
Yugoslavia FK Željezničar Sarajevo
0%
Czechoslovakia TJ Vítkovice
0%
Portugal Vitória de Setúbal FC
0%
No matching quizzes found
Score Distribution
Percent of People with Each Score
Percentile by Number Answered
Your Score History
You have not taken this quiz